000 00708nam a2200181 4500
008 b fr fre u
040 _aLB-BrCRDP
082 1 _a546.72
_bDon
100 1 _aEric, Donadei
245 1 2 _aL'air qui nous entoure : le dioxygène
_cEric Donadei, Fabienne Foltrauer
260 _aSarreguemines
_bPierron Multimédia
300 _aDurée : 18 mn
_bVHS Secam-Vidéogramme didactique - notice - en version pal
490 0 _aPierron mutimedia
500 _aCette cassette présente toutes les activités expérimentales citées dans le programme officiel.programme de 4ème .
700 1 _aFabienne, Foltrauer
942 _cBK
999 _c8878
_d8878